Experimental techniques in nuclear and particle physics / (رقم التسجيلة. 26551)

تفاصيل مارك
000 -الفاتح
حقل البيانات ثابتة الطول 02281cam a2200529 a 4500
001 - رقم الضبط
رقم الضبط 15886841
003 - محدد رقم الضبط
رقم الضبط OSt
005 - وقت وتاريخ اخر تعامل مع التسجيلة
رقم الضبط 20150408114106.0
008 - عناصر البيانات ثابتة الطول - معلومات عامة
حقل البيانات ثابتة الطول 090831s2010 gw a b 001 0 eng c
010 ## - رقم ضبط مكتبة الكونجرس
رقم ضبط مكتبة الكونجرس 2009936050
015 ## - رقم الببليوجرافية الوطنية
رقم الببليوجرافية الوطنية GBA957608
المصدر bnb
015 ## - رقم الببليوجرافية الوطنية
رقم الببليوجرافية الوطنية 09,N31,0606
المصدر dnb
016 7# - رقم ضبط الوكاله الوطنية للضبط الببليوجرافي
رقم ضبط التسجيلة 015287327
المصدر Uk
016 7# - رقم ضبط الوكاله الوطنية للضبط الببليوجرافي
رقم ضبط التسجيلة 995338396
المصدر DE-101
020 ## - الرقم الدولى المعيارى للكتب
الرقم الدولى المعيارى للكتاب 9783642008283 (alk. paper)
020 ## - الرقم الدولى المعيارى للكتب
الرقم الدولى المعيارى للكتاب 3642008283 (alk. paper)
020 ## - الرقم الدولى المعيارى للكتب
الرقم الدولى المعيارى للكتاب الملغى /الخاطئ 9783642008290 (e-ISBN)
020 ## - الرقم الدولى المعيارى للكتب
الرقم الدولى المعيارى للكتاب الملغى /الخاطئ 3642008291 (e-ISBN)
028 52 - رقم الناشر
رقم الناشر 12532797
035 ## - رقم ضبط النظام
رقم ضبط النظام (OCoLC)ocn390892874
040 ## - مصدر الفهرسة
وكالة الفهرسة الأصلية UKM
وكالة النسخ UKM
وكالة التعديل C#P
-- YDXCP
-- BWX
-- DEBBG
-- BTCTA
-- IQU
-- OHX
-- HEBIS
-- DLC
042 ## - رمز التحقق
رمز التحقق ukblcatcopy
-- pcc
050 00 - رقم طلب مكتبة الكونجرس
رقم التصنيف QC793.46
رقم المادة .T38 2010
082 00 - رقم تصنيف ديوى العشرى
رقم التصنيف 539.7
رقم الطبعة 23
رقم المادة TCE
084 ## - رقم تصنيف آخر
رقم التصنيف 530
مصدر الرقم sdnb
084 ## - رقم تصنيف آخر
رقم التصنيف UN 6000
مصدر الرقم rvk
100 1# - المدخل الرئيسى - إسم شخصى
الإسم الشخصى Tavernier, Stefaan.
9 (RLIN) 18716
245 10 - بيان العنوان
العنوان Experimental techniques in nuclear and particle physics /
بيان المسئوليه,etc Stefaan Tavernier.
260 ## - PUBLICATION, DISTRIBUTION, ETC. (IMPRINT)
مكان الناشر او الموزع Heidelberg ;
-- New York :
اسم الناشر او الموزع Springer,
تاريخ النشر أو التوزيع c2010.
300 ## - الوصف المادى
التعداد ix, 306 p. :
تفاصيل ماديه اخرى للوعاء ill. (some col.) ;
أبعاد الوعاء 24 cm.
504 ## - تبصرة ببليوجرافية
تبصرة ببليوجرافية,الخ Includes bibliographical references and index.
505 0# - تبصرة محتويات-الفهرس
تبصرة المحتويات المصاغة Introduction -- Interactions of particles in matter -- Natural and man-made sources of radiation -- Detectors based on ionization in gases -- Detectors based on ionization in semiconductor materials -- Detectors based on scintillation -- Neutron detection -- Electronics for particle detectors.
650 #0 - المدخل الاضافى بالموضوع-مصطلح موضوعى
مصطلح موضوعي أو اسم جغرافي كعنصر مدخل Nuclear physics
التقسيم الفرعي العام Technique.
9 (RLIN) 18717
650 #0 - المدخل الاضافى بالموضوع-مصطلح موضوعى
مصطلح موضوعي أو اسم جغرافي كعنصر مدخل Particles (Nuclear physics)
التقسيم الفرعي العام Technique.
9 (RLIN) 18718
650 #0 - المدخل الاضافى بالموضوع-مصطلح موضوعى
مصطلح موضوعي أو اسم جغرافي كعنصر مدخل Nuclear counters.
9 (RLIN) 5074
650 #0 - المدخل الاضافى بالموضوع-مصطلح موضوعى
مصطلح موضوعي أو اسم جغرافي كعنصر مدخل Radiation
التقسيم الفرعي العام Measurement.
9 (RLIN) 5075
650 #0 - المدخل الاضافى بالموضوع-مصطلح موضوعى
مصطلح موضوعي أو اسم جغرافي كعنصر مدخل Nuclear physics
التقسيم الفرعي العام Experiments.
9 (RLIN) 18719
650 #0 - المدخل الاضافى بالموضوع-مصطلح موضوعى
مصطلح موضوعي أو اسم جغرافي كعنصر مدخل Particles (Nuclear physics)
التقسيم الفرعي العام Experiments.
9 (RLIN) 18720
650 07 - المدخل الاضافى بالموضوع-مصطلح موضوعى
مصطلح موضوعي أو اسم جغرافي كعنصر مدخل Messtechnik.
مصدر الرأس أو المصطلح swd
9 (RLIN) 18721
650 07 - المدخل الاضافى بالموضوع-مصطلح موضوعى
مصطلح موضوعي أو اسم جغرافي كعنصر مدخل Kernphysik.
مصدر الرأس أو المصطلح swd
9 (RLIN) 18722
650 07 - المدخل الاضافى بالموضوع-مصطلح موضوعى
مصطلح موضوعي أو اسم جغرافي كعنصر مدخل Elementarteilchenphysik.
مصدر الرأس أو المصطلح swd
9 (RLIN) 18723
650 07 - المدخل الاضافى بالموضوع-مصطلح موضوعى
مصطلح موضوعي أو اسم جغرافي كعنصر مدخل Detektor.
مصدر الرأس أو المصطلح swd
9 (RLIN) 18724
856 ## - الوصول و الموقع الالكترونى
معرف المصدر الموحد <a href="http://bvbr.bib-bvb.de:8991/F?func=service&doc_library=BVB01&doc_number=017699284&line_number=0001&func_code=DB_RECORDS&service_type=MEDIA">http://bvbr.bib-bvb.de:8991/F?func=service&doc_library=BVB01&doc_number=017699284&line_number=0001&func_code=DB_RECORDS&service_type=MEDIA</a>
تبصرة عامة Inhaltsverzeichnis
906 ## - عنصر بيانات محلى F, LDF (RLIN)
a 7
b cbc
c pccadap
d 2
e ncip
f 20
g y-gencatlg
942 ## - عناصر المدخل الإضافي( كوها)
مصدر التصنيف او مخطط الترفيف Dewey Decimal Classification
Koha [default] item type DVD
المقتنيات
حالة الفقد نموذج السعر الفعال حالة تلف ليس للاعارة رقم الطلب تاريخ الاكتساب الموقع الحالي الباركود الفرع الرئيسي Date last seen نوع المادة فى نظام كوها مصدر التصنيف او خطة الترفيف Total Checkouts
  2013-03-10     539.7 TCE 2012-12-26 المكتبة المركزية بالمجمعة (CL) 00400822 المكتبة المركزية بالمجمعة (CL) 2013-03-10 كتاب Dewey Decimal Classification  
  2013-03-10     539.7 TCE 2012-12-26 المكتبة المركزية بالمجمعة (CL) 00400821 المكتبة المركزية بالمجمعة (CL) 2013-03-10 كتاب Dewey Decimal Classification  
  2013-03-10     539.7 TCE 2012-12-26 المكتبة المركزية بالمجمعة (CL) 00400823 المكتبة المركزية بالمجمعة (CL) 2013-03-10 كتاب Dewey Decimal Classification  
  2013-11-16     539.7 TCE 2013-11-16 المكتبة المركزية بالمجمعة (CL) 00452473 المكتبة المركزية بالمجمعة (CL) 2013-11-16 كتاب Dewey Decimal Classification  
  2013-11-16     539.7 TCE 2013-11-16 المكتبة المركزية بالمجمعة (CL) 00452474 المكتبة المركزية بالمجمعة (CL) 2013-11-16 كتاب Dewey Decimal Classification  
  2013-11-16     539.7 TCE 2013-11-16 المكتبة المركزية بالمجمعة (CL) 00452475 المكتبة المركزية بالمجمعة (CL) 2013-11-16 كتاب Dewey Decimal Classification  
  2013-11-16     539.7 TCE 2013-11-16 مكتبة مجمع الكليات بالزلفى - طلاب (SZM) 00452476 مكتبة مجمع الكليات بالزلفى - طلاب (SZM) 2013-11-16 كتاب Dewey Decimal Classification  
  2013-11-16     539.7 TCE 2013-11-16 مكتبة مجمع الكليات بالزلفى - طلاب (SZM) 00452477 مكتبة مجمع الكليات بالزلفى - طلاب (SZM) 2013-11-16 كتاب Dewey Decimal Classification  
  2013-11-16     539.7 TCE 2013-11-16 مكتبة مجمع الكليات بالزلفى - طلاب (SZM) 00452478 مكتبة مجمع الكليات بالزلفى - طلاب (SZM) 2013-11-16 كتاب Dewey Decimal Classification